000 01141nam a2200265 a 4500
001 000037607
005 20260305073959.0
008 121001s2007 dr ac 000 0 spa d
020 _a9789945140170
040 _aDO-SdBNP
_bspa
_cBNPHU
082 _a759.06
_bG377m
100 1 _aGerón, Candido,
_d1948-
_93577
245 1 3 _aEl modernismo en la pintura dominicana =
_b= The modern in the Dominican painting = Le modernisme dans la peinture dominicaine /
_cCándido Gerón ; traductores Altagracia Amelia Cabral, Manuel García Cartagena.
246 1 3 _aThe modern in the Dominican painting
246 1 3 _aLe modernisme dans la peinture dominicaine
260 _aSanto Domingo :
_bCorripio,
_c2007.
300 _a544 p. :
_bil., retrs. ;
_c30 cm.
500 _aIncluye datos biográficos del autor en la solapa de la portada
590 _aInventariado, 2018/LP
546 _aTexto en español, inglés y francés
650 4 _aPintura moderna
_zRepública Dominicana
_ySIGLO XX
_964078
700 1 2 _aCabral, Altagracia Amelia,
_etr.
_943780
700 1 2 _aGarcía Cartagena, Manuel
_etr.
_912067
910 _aValidado. Control de calidad MFF
999 _c37097
_d37097